IX Censo Nacional de Población: características sociales y demográficas
Gorde:
| Erakunde egilea: | |
|---|---|
| Formatua: | Texto |
| Argitaratua: |
San José :
INEC
|
| Gaiak: | |
| Etiketak: |
Etiketa erantsi
Etiketarik gabe, Izan zaitez lehena erregistro honi etiketa jartzen!
|
MARC
| LEADER | 00000 a a2200000 04500 | ||
|---|---|---|---|
| 001 | 29326 | ||
| 003 | |||
| 040 | |||
| 020 | |a 9968-9840-8-6 | ||
| 022 | |a 9968-9840-8-6 | ||
| 090 | |a 1001 CR8375c IX 2000 T.1 | ||
| 110 | |a Instituto Nacional de Estadística y Censos | ||
| 245 | |a IX Censo Nacional de Población: características sociales y demográficas | ||
| 260 | |a San José : |b INEC | ||
| 300 | |a 330 p; vol. 1 | ||
| 300 | |b map. | ||
| 500 | |a Incluye boleta censal y definición de indicadores económicos | ||
| 650 | |a CENSO DE POBLACION | ||
| 650 | |a ESTADISTICAS SOCIALES | ||
| 650 | |a DISTRIBUCION DE LA POBLACION | ||
| 650 | |a DISTRIBUCION POR SEXO Y EDAD | ||
| 650 | |a ESTADO CIVIL | ||
| 650 | |a ESTADISTICAS DE MIGRACION | ||
| 650 | |a FECUNDIDAD | ||
| 650 | |a GRUPOS ETNICOS | ||
| 650 | |a ESTADISTICAS DE LA EDUCACION | ||
| 650 | |a INDICADORES DEMOGRAFICOS | ||
| 650 | |a INDICADORES SOCIALES | ||
| 999 | |c 10442 |d 10442 | ||



